| 000 | 00713nam a2200217Ia 4500 | ||
|---|---|---|---|
| 999 |
_c39282 _d39282 |
||
| 001 | 5868 | ||
| 003 | GE_BSU | ||
| 005 | 20190913113806.0 | ||
| 008 | 181216s1953||||ge |||||||||||||| ||geo|| | ||
| 040 | _cGE_BSU | ||
| 041 | _ageo | ||
| 080 | _a821.353.1-11 ა-42 | ||
| 100 |
_aაკობია, შ. _93983 |
||
| 245 |
_aლექსები, პოემა / _cშ. აკობია ; რედ. ც. ჩხეიძე. |
||
| 264 |
_aთბილისი : _bსახელგამი ; _c1953. |
||
| 300 |
_a100 გვ. ; _c21 სმ. |
||
| 653 | _aლექსები | ||
| 653 | _aპოემა | ||
| 700 |
_aჩხეიძე, ც. _eრედაქტორი _93987 |
||
| 942 |
_cBK _2udc |
||